ပိုၼ်းၸၼ်ႉသၢမ်။ (Record no. 23418)

000 -LEADER
fixed length control field 00910nam a22002297a 4500
003 - CONTROL NUMBER IDENTIFIER
control field OSt
005 - DATE AND TIME OF LATEST TRANSACTION
control field 20260128094254.0
008 - FIXED-LENGTH DATA ELEMENTS--GENERAL INFORMATION
fixed length control field 230320b ||||| |||| 00| 0 eng d
040 ## - CATALOGING SOURCE
Transcribing agency Ost
041 ## - LANGUAGE CODE
Language code of text/sound track or separate title Shan
082 ## - DEWEY DECIMAL CLASSIFICATION NUMBER
Classification number 959.195919
245 ## - TITLE STATEMENT
Title ပိုၼ်းၸၼ်ႉသၢမ်။
Statement of responsibility, etc. ၵေႃတႅမ်ႈပပ်ႉႁဵၼ်းငဝ်ႈငုၼ်းၾိင်ႈငႄႈလိၵ်ႈလၢႆးပၢႆးပိင်ႇၺႃႇတႆး
250 ## - EDITION STATEMENT
Edition statement ပွၵ်ႈၵမ်း-2
260 ## - PUBLICATION, DISTRIBUTION, ETC.
Date of publication, distribution, etc. 2010
300 ## - PHYSICAL DESCRIPTION
Extent 106 ၼႃႈ
Other physical details ႁၢင်ႈ (သီ)၊ ႁၢင်ႈၽႅၼ်ႇလိၼ်
Dimensions 26 ၸိၼ်ႇထီႇ
500 ## - GENERAL NOTE
General note S-SAT: Dr. Prof Sai Aung Tun
504 ## - BIBLIOGRAPHY, ETC. NOTE
Bibliography, etc. note ပႃးၽိုၼ်ဢိင်
650 ## - SUBJECT ADDED ENTRY--TOPICAL TERM
Topical term or geographic name entry element ပိုၼ်းတႆး
Topical term or geographic name entry element ပပ်ႉၵၢၼ်ႁဵၼ်း
942 ## - ADDED ENTRY ELEMENTS (KOHA)
Koha item type Books (Long term)
650 ## - SUBJECT ADDED ENTRY--TOPICAL TERM
9 (RLIN) 20580
9 (RLIN) 7196
Source of classification or shelving scheme
Holdings
Withdrawn status Lost status Source of classification or shelving scheme Damaged status Not for loan Collection Code Permanent Location Current Location Shelving location Date acquired Total Checkouts Full call number Barcode Date last seen Date last checked out Copy number Price effective from Koha item type Accession
            Shan State Buddhist University Library Shan State Buddhist University Library Tai Shelves 20/03/2023 1 959.195919 ပိုၼ်း ႑႐႖(1) SH00000106 24/06/2024 01/06/2024 1 20/03/2023 Books (Long term) ႑႐႖(1)
            Shan State Buddhist University Library Shan State Buddhist University Library Tai Shelves 20/03/2023   959.195919 ပိုၼ်း ႑႐႗(2) SH00000107 20/03/2023   2 20/03/2023 Books (Long term) ႑႐႗(2)
            Shan State Buddhist University Library Shan State Buddhist University Library Tai Shelves 20/03/2023 2 959.195919 ပိုၼ်း ႑႐႘(3) SH00000108 24/10/2025 15/10/2025 3 20/03/2023 Books (Long term) ႑႐႘(3)
          Special Collections Shan State Buddhist University Library Shan State Buddhist University Library Special Collection Shelves 20/03/2023 1 959.195919 ပိုၼ်း ႒႔႓႘ S-SAT SH00002438 28/02/2026 26/02/2026 4 20/03/2023 Book (Short term) ႒႔႓႘ S-SAT

Library - 09407999929
Admin Office - 09407999979
Dean Office - 09250910768
Registrar Office - 09892297154
Email - [email protected]
Shan State Buddhist University, Phaya Phyu Taunggyi, Shan State, Myanmar.